[Event "Oberliga Ost-A 0405"]
[Site "Germany"]
[Date "2005.04.10"]
[Round "11.7"]
[White "Poenisch, Eckehard"]
[Black "Teumer, Joerg"]
[Result "1/2-1/2"]
[WhiteElo "2215"]
[BlackElo "2128"]
[PlyCount "115"]
[EventDate "2004.10.10"]
[EventType "team-tourn"]
[EventRounds "11"]
[EventCountry "GER"]
[SourceTitle "EXT 2006"]
[Source "ChessBase"]
[SourceDate "2005.11.24"]
[SourceVersion "1"]
[SourceVersionDate "2005.11.24"]
[SourceQuality "1"]
[WhiteTeam "Coswig"]
[BlackTeam "Dresden SC 1898 II"]
[WhiteTeamCountry "GER"]
[BlackTeamCountry "GER"]

1. e4 d5 2. exd5 Nf6 3. d4 Nxd5 4. Nf3 Bg4 5. Be2 e6 6. 0-0 Be7 7. Re1 0-0 8. c3 c5 9. Nbd2 Nc6 10. dxc5 Bxc5 11. Ne4 Be7 12. Ng3 Qc7 13. h3 Bxf3 14. Bxf3 Rfd8 15. Qa4 Rd7 16. Nh5 Rad8 17. Nf4 Nb6 18. Qe4 Bf6 19. Nh5 Qe5 20. Nxf6+ Qxf6 21. Bf4 Qg6 22. Qxg6 hxg6 23. Rad1 Kf8 24. Rxd7 Rxd7 25. Rd1 Rxd1+ 26. Bxd1 Ke7 27. Kf1 Nd5 28. Bd2 Kd6 29. Bc2 e5 30. a3 f5 31. c4 Nb6 32. b3 Nd4 33. Bd1 Nd7 34. Bc3 Nc5 35. f4 Ne4 36. Bb2 b6 37. Ke1 Ke6 38. b4 g5 39. fxe5 Kxe5 40. Bf3 f4 41. a4 Nd6 42. Bd5 N6f5 43. Kd2 Kd6 44. Kd3 Ne6 45. Be4 Ne3 46. Bc1 Nf1 47. Bb2 Ne3 48. Bc1 Nf1 49. Bd5 Nc7 50. Bf3 Ne6 51. Ba3 Ne3 52. a5 bxa5 53. c5+ Kc7 54. b5 Kd7 55. Bc6+ Kc7 56. Bf3 Kd7 57. Bc6+ Kc7 58. Be4 1/2-1/2

[Event "Oberliga Ost-A 0405"]
[Site "Germany"]
[Date "2005.01.30"]
[Round "8.7"]
[White "Teumer, Joerg"]
[Black "Pichler, Manfred"]
[Result "1-0"]
[WhiteElo "2128"]
[BlackElo "2120"]
[PlyCount "153"]
[EventDate "2004.10.10"]
[EventType "team-tourn"]
[EventRounds "11"]
[EventCountry "GER"]
[SourceTitle "EXT 2006"]
[Source "ChessBase"]
[SourceDate "2005.11.24"]
[SourceVersion "1"]
[SourceVersionDate "2005.11.24"]
[SourceQuality "1"]
[WhiteTeam "Dresden SC 1898 II"]
[BlackTeam "Halle USV"]
[WhiteTeamCountry "GER"]
[BlackTeamCountry "GER"]

1. d4 Nf6 2. Bg5 Ne4 3. Bf4 d5 4. Nd2 Bf5 5. e3 e6 6. Ngf3 Bd6 7. Bxd6 Qxd6 8. Be2 Nd7 9. 0-0 h6 10. c4 Nxd2 11. Qxd2 dxc4 12. Bxc4 0-0 13. Rac1 Be4 14. Be2 Rac8 15. Rfd1 Rfd8 16. Qe1 Qe7 17. Qa5 Nb6 18. Ne5 Qg5 19. g3 a6 20. Qe1 Nd7 21. Nxd7 Rxd7 22. Rc5 Rd5 23. Rdc1 c6 24. Qb4 Rxc5 25. Rxc5 Qe7 26. f3 Bg6 27. a4 Rc7 28. a5 Rd7 29. Qa3 Qd8 30. Kf2 Rd5 31. Bc4 Rd6 32. Be2 Kh8 33. Qb4 Rd7 34. Qc3 Qe7 35. e4 Qf6 36. Ke3 Qd8 37. f4 f6 38. Bf3 Qe8 39. g4 Qe7 40. Kf2 Bh7 41. Ke3 Qe8 42. h4 Qe7 43. Qc4 Bg8 44. Qc3 Bh7 45. b3 Qe8 46. g5 hxg5 47. hxg5 f5 48. e5 Bg6 49. Qe1 Kg8 50. Qd1 Kf7 51. Rc2 Qh8 52. Qh1 Qd8 53. Qa1 Qe7 54. Qc3 Rd8 55. Qc5 Qd7 56. Rh2 Qc7 57. Rh1 Qc8 58. Qb6 Qd7 59. Qb4 Qc8 60. Rc1 Qd7 61. Qb6 Rh8 62. Rh1 Rd8 63. b4 Qc8 64. Be2 Qd7 65. Bf3 Qc8 66. Rc1 Qd7 67. b5 axb5 68. a6 bxa6 69. Rxc6 Qe7 70. Kf2 Rd7 71. d5 Rb7 72. dxe6+ Kg8 73. Rc8+ Kh7 74. Qxb7 Qb4 75. Qb8 Qd2+ 76. Kg3 Qe1+ 77. Kg2 1-0

[Event "Oberliga Ost-A 0405"]
[Site "Germany"]
[Date "2004.11.14"]
[Round "3.7"]
[White "Schramm, Torsten"]
[Black "Teumer, Joerg"]
[Result "1/2-1/2"]
[WhiteElo "2190"]
[BlackElo "2128"]
[PlyCount "28"]
[EventDate "2004.10.10"]
[EventType "team-tourn"]
[EventRounds "11"]
[EventCountry "GER"]
[SourceTitle "EXT 2006"]
[Source "ChessBase"]
[SourceDate "2005.11.24"]
[SourceVersion "1"]
[SourceVersionDate "2005.11.24"]
[SourceQuality "1"]
[WhiteTeam "Aue Nickelhuette"]
[BlackTeam "Dresden SC 1898 II"]
[WhiteTeamCountry "GER"]
[BlackTeamCountry "GER"]

1. Nf3 e6 2. d4 Nf6 3. c4 b6 4. g3 Bb7 5. Bg2 Be7 6. Nc3 0-0 7. 0-0 Ne4 8. Qc2 Nxc3 9. Qxc3 f5 10. b3 Bf6 11. Bb2 d6 12. Rad1 Qe7 13. Qc1 Nd7 14. Ne1 Bxg2 1/2-1/2

[Event "Oberliga Ost-A 0304"]
[Site "Germany"]
[Date "2004.04.24"]
[Round "10.3"]
[White "Hermannsdoerfer, Frank"]
[Black "Teumer, Joerg"]
[Result "1-0"]
[WhiteElo "2257"]
[BlackElo "2144"]
[PlyCount "85"]
[EventDate "2003.11.02"]
[EventType "team-tourn"]
[EventRounds "11"]
[EventCountry "GER"]
[SourceTitle "EXT 2005"]
[Source "ChessBase"]
[SourceDate "2004.11.15"]
[SourceVersion "1"]
[SourceVersionDate "2004.11.15"]
[SourceQuality "1"]
[WhiteTeam "Liebschwitz"]
[BlackTeam "Dresden SC II"]
[WhiteTeamCountry "GER"]
[BlackTeamCountry "GER"]

1. d4 d5 2. Bg5 h6 3. Bh4 c6 4. Nc3 Qb6 5. Rb1 Bf5 6. f3 e6 7. e4 Bg6 8. a3 Be7 9. Bf2 Nd7 10. Bd3 Bh7 11. Nge2 Ngf6 12. 0-0 0-0 13. e5 Bxd3 14. Qxd3 Nh7 15. f4 c5 16. Na4 Qc6 17. Nxc5 Nxc5 18. dxc5 Bxc5 19. Bxc5 Qxc5+ 20. Kh1 Rac8 21. Nd4 Rfe8 22. c3 f5 23. g4 fxg4 24. Rg1 a6 25. Rxg4 Qe7 26. Qg6 Kh8 27. Rbg1 Rc7 28. f5 Nf8 29. Qh5 Qf7 30. Qh3 exf5 31. Rxg7 Qxg7 32. Rxg7 Rxg7 33. Nxf5 Rg6 34. Nxh6 Kg7 35. Nf5+ Kg8 36. Qh4 Rge6 37. Qg4+ Rg6 38. Qb4 Kh8 39. Nd6 Re7 40. Qh4+ Rh7 41. Qd8 Kg8 42. Ne8 Kf7 43. Nf6 1-0

[Event "Oberliga Ost-A 0304"]
[Site "Germany"]
[Date "2003.11.02"]
[Round "1.4"]
[White "Windelband, Jens"]
[Black "Teumer, Joerg"]
[Result "1-0"]
[WhiteElo "2130"]
[BlackElo "2144"]
[PlyCount "145"]
[EventDate "2003.11.02"]
[EventType "team-tourn"]
[EventRounds "11"]
[EventCountry "GER"]
[SourceTitle "EXT 2005"]
[Source "ChessBase"]
[SourceDate "2004.11.15"]
[SourceVersion "1"]
[SourceVersionDate "2004.11.15"]
[SourceQuality "1"]
[WhiteTeam "Magdeburg Aufbau Elbe"]
[BlackTeam "Dresden SC II"]
[WhiteTeamCountry "GER"]
[BlackTeamCountry "GER"]

1. e4 d6 2. Nc3 Nf6 3. f4 Bg4 4. Nf3 d5 5. h3 Bxf3 6. Qxf3 Nxe4 7. Nxe4 dxe4 8. Qxe4 c6 9. Bc4 Nd7 10. 0-0 Nf6 11. Qe2 Qd4+ 12. Kh1 Qe4 13. c3 e6 14. d4 Qxe2 15. Bxe2 g6 16. b4 Ne4 17. Rf3 Bg7 18. Bb2 0-0 19. Rd1 Rfd8 20. Bd3 Nd6 21. a4 b5 22. a5 a6 23. g4 f5 24. Re1 Kf7 25. Bc1 Re8 26. Rfe3 Rac8 27. Kg2 Bf6 28. Be2 Bh4 29. Rf1 Bf6 30. Bf3 Rc7 31. Re2 Rcc8 32. Bd2 Rc7 33. Be1 Rcc8 34. Bf2 Rc7 35. Rd1 Rcc8 36. Kf1 Rc7 37. Kg1 Rcc8 38. Kg2 Rc7 39. Rc1 Rcc8 40. Rce1 Rc7 41. h4 fxg4 42. Bxg4 Nf5 43. h5 Rcc8 44. Rh1 Rg8 45. Kf3 Rcd8 46. Rhe1 Rge8 47. Ke4 Ng7 48. Rh1 Rh8 49. Bh4 Nf5 50. Bxf6 Kxf6 51. Kf3 Rhe8 52. hxg6 hxg6 53. Bxf5 gxf5 54. Rh6+ Kf7 55. Rh7+ Kf6 56. Reh2 Rg8 57. R2h6+ Rg6 58. Rxg6+ Kxg6 59. Rc7 Ra8 60. Rxc6 Kf7 61. Ke3 Ke7 62. d5 exd5 63. Kd4 Rh8 64. Rxa6 Rc8 65. Rb6 Rc4+ 66. Ke5 d4 67. cxd4 Rxb4 68. a6 Ra4 69. Rb7+ Kd8 70. a7 b4 71. Rb8+ Kc7 72. a8Q Rxa8 73. Rxa8 1-0

[Event "Leipzig VfB op 10th"]
[Site "Leipzig"]
[Date "2003.03.13"]
[Round "5"]
[White "Teumer, Joerg"]
[Black "Lehmann, Lothar"]
[Result "1-0"]
[WhiteElo "2149"]
[BlackElo "1797"]
[PlyCount "57"]
[EventDate "2003.03.11"]
[EventType "swiss"]
[EventRounds "9"]
[EventCountry "GER"]
[SourceTitle "EXT 2008"]
[Source "ChessBase"]
[SourceDate "2007.11.25"]
[SourceVersion "1"]
[SourceVersionDate "2007.11.25"]
[SourceQuality "1"]

1. d4 d5 2. Bg5 c6 3. Nf3 Nd7 4. e3 Ngf6 5. Nbd2 Qb6 6. Qc1 e6 7. Bd3 Be7 8. 0-0 0-0 9. Re1 Re8 10. c4 c5 11. Qc2 h6 12. Bh4 Bd6 13. a3 g5 14. dxc5 Nxc5 15. Bg3 Nxd3 16. Qxd3 Bxg3 17. hxg3 Bd7 18. Qc3 Ng4 19. Ne5 Nxe5 20. Qxe5 Rac8 21. Rec1 Rf8 22. Qf6 Kh7 23. b4 Qa6 24. Qe7 Rcd8 25. Qf6 Qd6 26. Nf3 dxc4 27. Rxc4 Bc6 28. Nxg5+ hxg5 29. Qxg5 1-0

[Event "Oberliga Ost-A 0203"]
[Site "Germany"]
[Date "2003.02.09"]
[Round "7.5"]
[White "Teumer, Joerg"]
[Black "Offinger, Robert"]
[Result "1/2-1/2"]
[WhiteElo "2151"]
[BlackElo "2209"]
[PlyCount "92"]
[EventDate "2002.10.20"]
[EventType "team"]
[EventRounds "11"]
[EventCountry "GER"]
[SourceTitle "EXT 2004"]
[Source "ChessBase"]
[SourceDate "2003.11.25"]
[SourceVersion "1"]
[SourceVersionDate "2003.11.25"]
[SourceQuality "1"]
[WhiteTeam "Dresden SC II"]
[BlackTeam "Magdeburg Aufbau Elbe"]
[WhiteTeamCountry "GER"]
[BlackTeamCountry "GER"]

1. d4 d5 2. Bg5 h6 3. Bh4 c6 4. Nf3 Qb6 5. b3 Bf5 6. e3 e6 7. Bd3 Bxd3 8. Qxd3 Nd7 9. 0-0 Be7 10. Bxe7 Nxe7 11. c4 c5 12. Nc3 cxd4 13. exd4 Qa6 14. Rfd1 0-0 15. cxd5 Qxd3 16. Rxd3 Nxd5 17. Nxd5 exd5 18. Rc1 Rfc8 19. Rdc3 Nb6 20. Ne5 Rxc3 21. Rxc3 Rc8 22. Rc5 Rxc5 23. dxc5 Nc8 24. Kf1 Ne7 25. Ke2 Nc6 26. Nd3 a5 27. Ke3 Kf8 28. a3 g5 29. g4 Ke7 30. f4 Ke6 31. h3 f5 32. b4 d4+ 33. Kf3 fxg4+ 34. hxg4 gxf4 35. Nxf4+ Ke5 36. b5 Nd8 37. a4 Nf7 38. Nd3+ Kd5 39. Ke2 Ng5 40. c6 bxc6 41. b6 Kd6 42. Nc5 Nf7 43. Nb3 Ne5 44. Nxd4 Nxg4 45. b7 Kc7 46. Nxc6 Kxb7 1/2-1/2

[Event "Oberliga Ost-A 0203"]
[Site "Germany"]
[Date "2002.10.20"]
[Round "1.4"]
[White "Baer, Soeren"]
[Black "Teumer, Joerg"]
[Result "1-0"]
[WhiteElo "2065"]
[BlackElo "2151"]
[PlyCount "91"]
[EventDate "2002.10.20"]
[EventType "team"]
[EventRounds "11"]
[EventCountry "GER"]
[SourceTitle "EXT 2004"]
[Source "ChessBase"]
[SourceDate "2003.11.25"]
[SourceVersion "1"]
[SourceVersionDate "2003.11.25"]
[SourceQuality "1"]
[WhiteTeam "Leipzig Lok II"]
[BlackTeam "Dresden SC II"]
[WhiteTeamCountry "GER"]
[BlackTeamCountry "GER"]

1. d4 d6 2. g3 c6 3. Bg2 Nd7 4. e4 e5 5. Nf3 Ngf6 6. Nc3 g6 7. 0-0 Bg7 8. a4 0-0 9. h3 Rb8 10. Be3 b6 11. Nd2 Bb7 12. Re1 a6 13. Nc4 Qc7 14. dxe5 dxe5 15. Qd6 Qxd6 16. Nxd6 Ba8 17. b4 c5 18. b5 a5 19. Rad1 Rfd8 20. Nc4 Kf8 21. Rd2 Ke7 22. Red1 h6 23. f3 Rdc8 24. h4 Rc7 25. Bh3 Ra7 26. Rd6 Ke8 27. Bf2 Bf8 28. R6d2 Bg7 29. Nd6+ Ke7 30. Nxf7 Kxf7 31. Bxd7 Bf8 32. Bh3 Be7 33. Be3 Rh8 34. Bf1 Kg7 35. Bc4 Bb7 36. Be6 Raa8 37. Nd5 Bd8 38. Nxf6 Kxf6 39. Bd5 Bxd5 40. Rxd5 Be7 41. Bc1 c4 42. Bb2 Bc5+ 43. Kg2 Rae8 44. f4 Rhg8 45. Bxe5+ Ke6 46. Bd4 1-0

[Event "Oberliga Ost-A 0102"]
[Site "Germany"]
[Date "2002.04.14"]
[Round "11.4"]
[White "Poenisch, Eckehard"]
[Black "Teumer, Joerg"]
[Result "1/2-1/2"]
[WhiteElo "2240"]
[BlackElo "2147"]
[PlyCount "20"]
[EventDate "2001.10.07"]
[EventType "team"]
[EventRounds "11"]
[EventCountry "GER"]
[SourceTitle "EXT 2003"]
[Source "ChessBase"]
[SourceDate "2002.11.25"]
[SourceVersion "1"]
[SourceVersionDate "2002.11.25"]
[SourceQuality "1"]
[WhiteTeam "Coswig"]
[BlackTeam "Dresden SC II"]
[WhiteTeamCountry "GER"]
[BlackTeamCountry "GER"]

1. e4 d6 2. d4 Nf6 3. Nc3 e5 4. Nf3 Nbd7 5. Be2 c6 6. 0-0 Be7 7. h3 0-0 8. Be3 b5 9. a3 a6 10. Qe1 Bb7 1/2-1/2

[Event "Oberliga Ost-A 0102"]
[Site "Germany"]
[Date "2002.03.17"]
[Round "9.4"]
[White "Degtiarev, Evgeny"]
[Black "Teumer, Joerg"]
[Result "1/2-1/2"]
[WhiteElo "2180"]
[BlackElo "2147"]
[PlyCount "199"]
[EventDate "2001.10.07"]
[EventType "team"]
[EventRounds "11"]
[EventCountry "GER"]
[SourceTitle "EXT 2003"]
[Source "ChessBase"]
[SourceDate "2002.11.25"]
[SourceVersion "1"]
[SourceVersionDate "2002.11.25"]
[SourceQuality "1"]
[WhiteTeam "Magdeburg Aufbau Elbe"]
[BlackTeam "Dresden SC II"]
[WhiteTeamCountry "GER"]
[BlackTeamCountry "GER"]

1. d4 d6 2. e4 Nf6 3. Nc3 e5 4. Nf3 Nbd7 5. Bc4 Be7 6. 0-0 0-0 7. Re1 c6 8. a3 b5 9. Ba2 a6 10. b4 Qc7 11. Bb2 h6 12. Nh4 Re8 13. Ng6 Bb7 14. Ne2 Nxe4 15. Qd3 d5 16. Nxe5 Bd6 17. f3 Nef6 18. f4 Ne4 19. Ng3 Nxg3 20. hxg3 Re7 21. Rf1 Rae8 22. Rae1 f6 23. Nf3 Rxe1 24. Rxe1 Qd8 25. Rxe8+ Qxe8 26. c3 Nf8 27. Bb1 Bc8 28. Bc1 Bg4 29. Kf2 Qh5 30. Bd2 Qe8 31. Nh4 Bc7 32. Qe3 Qxe3+ 33. Bxe3 Nd7 34. Bc1 Nb6 35. Nf5 Kf8 36. Ne3 Bd7 37. Kf3 Nc8 38. g4 Nd6 39. Bg6 Ke7 40. Bd3 Be6 41. Nf1 f5 42. gxf5 Bxf5 43. Bxf5 Nxf5 44. g4 Nd6 45. Ng3 Kf7 46. f5 Nc4 47. Nh1 Kf6 48. Nf2 Bd6 49. Nd3 h5 50. Ne1 g6 51. fxg6 hxg4+ 52. Kxg4 Kxg6 53. Nd3 Kf6 54. Nf2 Bc7 55. Nd3 Bd6 56. Bf4 Ke6 57. Bc1 a5 58. Kg5 a4 59. Kg4 Kf6 60. Bg5+ Ke6 61. Bc1 Nb6 62. Nf2 Nd7 63. Bg5 Be7 64. Bc1 Nf6+ 65. Kf3 Kf5 66. Ke2 Ne4 67. Nd1 Bh4 68. Ne3+ Ke6 69. Nd1 Bg3 70. Kf1 Bh4 71. Ke2 Kf7 72. Kf1 Kf6 73. Ke2 Kg6 74. Kf1 Ng3+ 75. Kf2 Nf5+ 76. Ke2 Kh5 77. Nf2 Bxf2 78. Kxf2 Kg4 79. Ke2 Nd6 80. Bh6 Kf5 81. Kd3 Nc4 82. Bc1 Kg4 83. Ke2 Kg3 84. Kf1 Kf3 85. Ke1 Ne3 86. Bb2 Ke4 87. Ke2 Nf5 88. Bc1 Ng3+ 89. Kf2 Nh5 90. Ke2 Nf6 91. Bg5 Nd7 92. Bd8 Kf5 93. Kf3 Nf8 94. Bh4 Ne6 95. Ke3 Ng5 96. Bxg5 Kxg5 97. Kf3 Kf5 98. Ke3 Kg4 99. Ke2 Kf4 100. Kf2 1/2-1/2

[Event "Leipzig op"]
[Site "Leipzig"]
[Date "2000.??.??"]
[Round "3"]
[White "Anderberg, Peter"]
[Black "Teumer, Joerg"]
[Result "0-1"]
[WhiteElo "2099"]
[BlackElo "2232"]
[PlyCount "88"]
[EventDate "2000.??.??"]
[EventType "swiss"]
[EventRounds "7"]
[EventCountry "GER"]
[SourceTitle "EXT 2001"]
[Source "ChessBase"]
[SourceDate "2000.11.22"]
[SourceVersion "1"]
[SourceVersionDate "2000.11.22"]
[SourceQuality "1"]

1. c4 e5 2. g3 d6 3. Bg2 Nc6 4. Nc3 Be6 5. d3 Qd7 6. Nf3 Bh3 7. 0-0 Bxg2 8. Kxg2 g6 9. d4 Bg7 10. dxe5 Nxe5 11. Nxe5 Bxe5 12. Qd5 Qc6 13. Qxc6+ bxc6 14. Bd2 Ne7 15. Rac1 0-0 16. Na4 Rab8 17. Bc3 Bxc3 18. Rxc3 Rfe8 19. e3 f5 20. h4 Kg7 21. Rd3 Ng8 22. b3 Nf6 23. Nc3 Ne4 24. Nxe4 fxe4 25. Rc3 a5 26. a4 Rb4 27. Ra1 Reb8 28. Ra3 Kf6 29. Kf1 Kf5 30. Kg2 Kg4 31. f3+ exf3+ 32. Kf2 Re8 33. Rd3 Re4 34. Ra1 Rb8 35. h5 g5 36. h6 Rf8 37. Rh1 Rf6 38. Rh2 c5 39. Rd1 Ree6 40. Rdh1 c6 41. Rh5 d5 42. cxd5 cxd5 43. R5h2 d4 44. exd4 Re2+ 0-1

[Event "Dresden-ch"]
[Site "Dresden"]
[Date "1998.??.??"]
[Round "?"]
[White "Teumer, Joerg"]
[Black "Reichmann, Hendrik"]
[Result "1/2-1/2"]
[WhiteElo "2255"]
[BlackElo "2265"]
[PlyCount "39"]
[EventDate "1998.??.??"]
[EventType "swiss"]
[EventRounds "7"]
[EventCountry "GER"]
[SourceTitle "EXT 2002"]
[Source "ChessBase"]
[SourceDate "2001.11.25"]
[SourceVersion "1"]
[SourceVersionDate "2001.11.25"]
[SourceQuality "1"]

1. d4 Nf6 2. Bg5 Ne4 3. Bf4 c5 4. f3 Qa5+ 5. c3 Nf6 6. d5 Qb6 7. b3 d6 8. e4 g6 9. Qd2 Nbd7 10. Na3 Qd8 11. Bd3 h5 12. Ne2 Bg7 13. h4 a6 14. Nc4 b5 15. Ne3 Rb8 16. Rb1 Ne5 17. 0-0 Nxd3 18. Qxd3 Nd7 19. Qd2 Ne5 20. Bg3 1/2-1/2